000 00397nam a2200145Ia 4500
008 211109s9999||||xx |||||||||||||| ||und||
082 _a894.812
_bONV-U
100 _aO N V Kurup,
245 0 _aUppu
260 _bSahitya Pravarthaka Co.Op.Society
_aKottayam
_c1980
300 _a135p
630 _xGeneral stack
650 _aMALAYALAM LITERATURE
_vMALAYALAM POETRYMalayalam135p
942 _cBOOK
999 _c52113
_d52113